Mahuida: Poema araucano. Cinco cantos

Gorde:
Xehetasun bibliografikoak
Egile nagusia: Brito N., Marcos (Egilea)
Formatua: Liburua
Hizkuntza:gaztelania
Argitaratua: Santiago Imprenta Universitaria 1914
Edizioa:1a. ed
Gaiak:
Etiketak: Etiketa erantsi
Etiketarik gabe, Izan zaitez lehena erregistro honi etiketa jartzen!

MARC

LEADER 00000nam a2200000 a 4500
001 UCJ3307
003 CL-VaPUC
008 070124e19140000CL |||||||||||||||||spa|d
082 0 4 |a Ch861  |b BRI  |2 21 
100 0 |a Brito N., Marcos  |e author  |9 505053 
245 1 0 |a Mahuida: Poema araucano. Cinco cantos 
250 |a 1a. ed 
300 |a 200 p 
942 |c BK 
945 |d 20070124 00:00:00  |a rinostro 
260 |a Santiago  |b Imprenta Universitaria  |c 1914 
500 |a La c.1 contiene un retrato del autor 
650 0 |a Poesía chilena   |9 268403 
650 0 |a Iconografía   |9 267998 
583 |a last modification  |c 20070124 00:00:00  |k Rodrigo Vera 
999 |c 319429  |d 319427 
952 |0 0  |1 0  |4 0  |6 CH_861_000000000000000_BRI_1914  |7 0  |8 X  |9 397750  |a FDOBUD  |b FDOBUD  |d 2019-11-22  |i 1002104  |o Ch861 BRI 1914  |p 1002104  |r 2019-11-22  |w 2019-11-22  |y BK_X  |k BUD 
952 |0 0  |1 0  |4 0  |6 CH_861_000000000000000_BRI_1914  |7 0  |8 X  |9 397751  |a FDOBUD  |b FDOBUD  |d 2019-11-22  |i 1002198  |o Ch861 BRI 1914  |p 1002198  |r 2019-11-22  |w 2019-11-22  |y BK_X  |k BUD